anime - Statistics

General Stats
  • This quiz has been taken 112 times
  • The average score is 6 of 10
Answer Stats
Hint Answer % Correct
who is the main character in one piece? luffy
95%
who is naruto's rival? sasuke
94%
who is green haired in one piece? zoro
86%
who can beat piccolo? goku
77%
who is red headed in one piece? shanks
66%
who is useless in anime? sakura
64%
who is cute in one piece? chopper
57%
what can only a few jujutsu sorcers do in jjk? domain expansion
42%
who is my fav character in all of anime? sukuna
7%
who is my 2nd crush in anime? nanami
4%
No matching quizzes found
Score Distribution
Percent of People with Each Score
Percentile by Number Answered
Your Score History
You have not taken this quiz